Cómo construir un nuevo congreso / (Registro nro. 5282)
[ vista simple ]
| 000 -LEADER | |
|---|---|
| fixed length control field | 01099nam a2200265Ia 4500 |
| 003 - CONTROL NUMBER IDENTIFIER | |
| control field | OSt |
| 005 - DATE AND TIME OF LATEST TRANSACTION | |
| control field | 20200515172433.0 |
| 008 - FIXED-LENGTH DATA ELEMENTS--GENERAL INFORMATION | |
| fixed length control field | 191128s1999 ck fr o000 0 spa d |
| 020 ## - INTERNATIONAL STANDARD BOOK NUMBER | |
| International Standard Book Number | 9589077137 |
| 040 ## - CATALOGING SOURCE | |
| Original cataloging agency | CO-JMCR |
| Transcribing agency | CO-JMCR |
| 041 0# - LANGUAGE CODE | |
| Language code of text/sound track or separate title | spa |
| 082 04 - DEWEY DECIMAL CLASSIFICATION NUMBER | |
| Classification number | 328.861 / |
| Item number | C653c |
| Edition number | 23 |
| 110 1# - MAIN ENTRY--CORPORATE NAME | |
| Corporate name or jurisdiction name as entry element | Colombia. |
| Subordinate unit | Senado de la República |
| 9 (RLIN) | 4415 |
| 245 10 - TITLE STATEMENT | |
| Title | Cómo construir un nuevo congreso / |
| Statement of responsibility, etc. | Senado de la República |
| 250 ## - EDITION STATEMENT | |
| Edition statement | 1a. edición |
| 260 ## - PUBLICATION, DISTRIBUTION, ETC. | |
| Place of publication, distribution, etc. | Bogotá : |
| Name of publisher, distributor, etc. | Senado de la República, |
| Date of publication, distribution, etc. | 1999 |
| 300 ## - PHYSICAL DESCRIPTION | |
| Extent | 232 páginas ; |
| Dimensions | 21 cm. |
| 490 0# - SERIES STATEMENT | |
| Series statement | Soluciones para Colombia |
| 500 ## - GENERAL NOTE | |
| General note | "Soluciones para Colombia"--Tapa |
| 505 0# - FORMATTED CONTENTS NOTE | |
| Formatted contents note | Parlamentos modernos : testimonio Europeo -- Modernización de parlamentos latinoamericanos |
| 520 ## - SUMMARY, ETC. | |
| Summary, etc. | Bajo la Presidencia del Senador Fabio Valencia Cossio, el Senado de la República realizó una gran apertura a los gremios económicos, universidades, ONG y otras organizaciones para mejorar la calidad de las leyes. |
| 650 14 - SUBJECT ADDED ENTRY--TOPICAL TERM | |
| Topical term or geographic name entry element | Reforma parlamentaria |
| Source of heading or term | |
| Geographic subdivision | Colombia |
| 9 (RLIN) | 4424 |
| 650 14 - SUBJECT ADDED ENTRY--TOPICAL TERM | |
| Topical term or geographic name entry element | Cuerpos legislativos |
| Geographic subdivision | Colombia |
| 9 (RLIN) | 4425 |
| 942 ## - ADDED ENTRY ELEMENTS (KOHA) | |
| Source of classification or shelving scheme | Dewey Decimal Classification |
| Koha item type | Books |
| Withdrawn status | Lost status | Source of classification or shelving scheme | Damaged status | Not for loan | Collection code | Home library | Current library | Date acquired | Source of acquisition | Cost, normal purchase price | Total Checkouts | Full call number | Barcode | Date last seen | Copy number | Koha item type |
|---|---|---|---|---|---|---|---|---|---|---|---|---|---|---|---|---|
| Dewey Decimal Classification | Non-fiction | Biblioteca Pública José María del Castillo y Rada | Biblioteca Pública José María del Castillo y Rada | 04/15/2018 | Donación | 0.00 | 328.861 / C653c | 430001627 | 05/16/2024 | Ej.1 | Books |